MLB batting average leaders through the first 12 games of 2026 - Statistics

General Stats
  • This quiz has been taken 48 times
  • The average score is 7 of 12
Answer Stats
Rank Average Team Position Answer % Correct
1. .413 Dodgers CF Andy Pages
100%
6. .372 Brewers LF Christian Yelich
88%
9. .362 Rays 1B Yandy Diaz
79%
4. .383 Red Sox RF Wilyer Abreu
76%
2. .396 Marlins SS Xavier Edwards
67%
4. .383 Orioles LF Taylor Ward
64%
3. .391 Rays LF Chandler Simpson
61%
11. .350 Pirates 1B Ryan O'Hearn
61%
8. .364 Reds 3B Sal Stewart
45%
10 .351 Tigers 2B Colt Keith
36%
7. .368 Rockies 1B TJ Rumfield
27%
12. .342 Rockies OF Troy Johnston
18%
No matching quizzes found
Score Distribution
Percent of People with Each Score
Percentile by Number Answered
Your Score History
You have not taken this quiz